The case of the secret valentine / (Record no. 34249)
[ view plain ]
| 000 -LEADER | |
|---|---|
| fixed length control field | 01155cam a22003493a 4500 |
| 001 - CONTROL NUMBER | |
| control field | 16407180 |
| 003 - CONTROL NUMBER IDENTIFIER | |
| control field | OSt |
| 005 - DATE AND TIME OF LATEST TRANSACTION | |
| control field | 20140310184422.0 |
| 008 - FIXED-LENGTH DATA ELEMENTS--GENERAL INFORMATION | |
| fixed length control field | 981228s1999 nyu j 000 1 eng d |
| 010 ## - LIBRARY OF CONGRESS CONTROL NUMBER | |
| LC control number | 99610223 |
| 020 ## - INTERNATIONAL STANDARD BOOK NUMBER | |
| International Standard Book Number | 0590691279 |
| 035 ## - SYSTEM CONTROL NUMBER | |
| System control number | (OCoLC)ocm40549009 |
| 040 ## - CATALOGING SOURCE | |
| Original cataloging agency | BKL |
| Transcribing agency | BKL |
| Modifying agency | SLC |
| -- | DLC |
| 050 00 - LIBRARY OF CONGRESS CALL NUMBER | |
| Classification number | PZ 7 |
| Item number | .P924Se 1999 |
| 100 1# - MAIN ENTRY--PERSONAL NAME | |
| Personal name | Preller, James. |
| 9 (RLIN) | 6900 |
| 245 14 - TITLE STATEMENT | |
| Title | The case of the secret valentine / |
| Statement of responsibility, etc | by James Preller ; illustrated by John Speirs ; cover illustration by R.W. Alley. |
| 260 ## - PUBLICATION, DISTRIBUTION, ETC. (IMPRINT) | |
| Place of publication, distribution, etc | New York : |
| Name of publisher, distributor, etc | Scholastic Inc., |
| Date of publication, distribution, etc | c1999. |
| 300 ## - PHYSICAL DESCRIPTION | |
| Extent | 76 p. : |
| Other physical details | ill. ; |
| Dimensions | 20 cm. |
| 490 1# - SERIES STATEMENT | |
| Series statement | Jigsaw Jones mystery ; |
| Volume number/sequential designation | 3 |
| 500 ## - GENERAL NOTE | |
| General note | "A Little Apple paperback." |
| 521 ## - TARGET AUDIENCE NOTE | |
| Target audience note | |
| 526 ## - STUDY PROGRAM INFORMATION NOTE | |
| Reading level | 220 |
| 650 #0 - SUBJECT ADDED ENTRY--TOPICAL TERM | |
| Topical term or geographic name as entry element | Detective and mystery stories. |
| 9 (RLIN) | 4339 |
| 655 #7 - INDEX TERM--GENRE/FORM | |
| Genre/form data or focus term | Mystery fiction. |
| Source of term | gsafd |
| 9 (RLIN) | 4089 |
| 655 #7 - INDEX TERM--GENRE/FORM | |
| Genre/form data or focus term | Children's stories. |
| Source of term | lcsh |
| 9 (RLIN) | 3012 |
| 710 2# - ADDED ENTRY--CORPORATE NAME | |
| Corporate name or jurisdiction name as entry element | Copyright Paperback Collection (Library of Congress) |
| Institution to which field applies | DLC |
| 9 (RLIN) | 705 |
| 800 1# - SERIES ADDED ENTRY--PERSONAL NAME | |
| Personal name | Preller, James. |
| Title of a work | Jigsaw Jones mystery ; |
| Volume/sequential designation | 3. |
| 9 (RLIN) | 26735 |
| 906 ## - LOCAL DATA ELEMENT F, LDF (RLIN) | |
| a | 7 |
| b | cbc |
| c | copycat |
| d | 2 |
| e | ncip |
| f | 19 |
| g | y-genrareb |
| 942 ## - ADDED ENTRY ELEMENTS (KOHA) | |
| Source of classification or shelving scheme | Library of Congress Classification |
| Koha item type | |
| Withdrawn status | Lost status | Source of classification or shelving scheme | Damaged status | Home library | Current library | Shelving location | Date acquired | Total Checkouts | Full call number | Barcode | Date last seen | Copy number | Price effective from | Koha item type |
|---|---|---|---|---|---|---|---|---|---|---|---|---|---|---|
| Library of Congress Classification | Luxembourg Library | Luxembourg Library | Scholastic Reading Center Section | 10/09/2013 | PZ 7 .P924Se 1999 | LEX1813 | 04/18/2017 | 1 | 10/09/2013 | Books | ||||
| Library of Congress Classification | Luxembourg Library | Luxembourg Library | Scholastic Reading Center Section | 10/09/2013 | PZ 7 .P924Se 1999 | LEX1812 | 04/18/2017 | 2 | 10/09/2013 | Books |